Valuation regime to tighten up (Record no. 69296)

MARC details
000 -LEADER
fixed length control field 00828cam a2200193 4500
001 - CONTROL NUMBER
control field WB3802-37
008 - FIXED-LENGTH DATA ELEMENTS--GENERAL INFORMATION
fixed length control field 020116n2002 000 0 eng u
035 ## - SYSTEM CONTROL NUMBER
System control number (Sirsi) u116334
245 ## - TITLE STATEMENT
Title Valuation regime to tighten up
260 ## - PUBLICATION, DISTRIBUTION, ETC.
Date of publication, distribution, etc. 2002
490 ## - SERIES STATEMENT
Series statement RICS Press Release
Volume/sequential designation (pr007) 15 January 2002, (2)
520 ## - SUMMARY, ETC.
Summary, etc. RICS has responded to criticism of the valuation profession with plans to ensure improved openness and independence among valuers. The report of the working party chaired by Sir Bryan Carsberg makes 18 recommendations but stops short of enforcing a US-style separation between the brokerage and valuation functions.
590 ## - LOCAL NOTE (RLIN)
Local note WB
650 ## - SUBJECT ADDED ENTRY--TOPICAL TERM
Topical term or geographic name entry element VALUATIONS
650 ## - SUBJECT ADDED ENTRY--TOPICAL TERM
Topical term or geographic name entry element VALUATION PROCESS
650 ## - SUBJECT ADDED ENTRY--TOPICAL TERM
Topical term or geographic name entry element PROPERTY-COMMERCIAL PROPERTY
690 ## - LOCAL SUBJECT ADDED ENTRY--TOPICAL TERM (OCLC, RLIN)
Topical term or geographic name as entry element PROPERTY-PROPERTY APPRAISAL AND VALUATION
942 ## - ADDED ENTRY ELEMENTS (KOHA)
Suppress in OPAC 0
Holdings
Withdrawn status Lost status Source of classification or shelving scheme Damaged status Not for loan Home library Current library Shelving location Date acquired Total Checkouts Full call number Barcode Date last seen Copy number Price effective from Koha item type
    Dewey Decimal Classification     London London News article 16/01/2002   WB3802-37 116334-1001 06/08/2019 1 06/08/2019 News article